Biblioteca

El vínculo del placer : Un nuevo enfoque del compromiso sexual / William H. Masters, Virginia E. Johnson ; Marta Guastavino, Traductor (Registro nro. 32658)

Detalles MARC
000 -LÍDER
Campo fijo de descripción fija 008500000a22002290004500
020 ## - NÚMERO INTERNACIONAL NORMALIZADO PARA LIBROS
Número Internacional Normalizado del libro 84-253-0766-X
041 0# - CÓDIGO DE IDIOMA
Código de idioma para texto/pista de sonido o título separado
082 04 - NÚMERO DE CLASIFICACIÓN DECIMAL DEWEY
Número de clasificación G 176 M4235v
001 - NÚMERO DE CONTROL
Campo de control 1335
100 1# - ASIENTO PRINCIPAL--NOMBRE PERSONAL
Nombre personal Masters, William H.
245 10 - TÍTULO
Título del Material El vínculo del placer : Un nuevo enfoque del compromiso sexual / William H. Masters, Virginia E. Johnson ; Marta Guastavino, Traductor
250 ## - MENCIÓN DE EDICIÓN
Mención de edición 2
260 ## - PUBLICACIÓN, DISTRIBUCIÓN, ETC. (PIE DE IMPRENTA)
Lugar de publicación, distribución, etc. Barcelona, España : Grijalbo
300 ## - DESCRIPCIÓN FÍSICA
Extensión 343 Pag.
336 ## - CONTENT TYPE
Content type term texto
Content type code txt
Source rdacontent
337 ## - MEDIA TYPE
Source rdamedia
Media type term sin mediación
Media type code n
338 ## - CARRIER TYPE
Source rdacarrier
Carrier type term volumen
Carrier type code nc
500 ## - NOTA GENERAL
Nota General Título original : The pleasure bond
505 00 - NOTA DE CONTENIDO
Nota de contenido con formato preestablecido la responsabilidad sexual. Introducción -- el tema del matrimonio -- variaciones sobre el tema del matrimonio -- nueva formulación del tema del matrimonio
650 14 - ASIENTO SECUNDARIO DE MATERIA - TERMINO TEMÁTICO
Término temático o nombre geográfico como elemento de entrada SEXO \ MATRIMONIO \ SEGUNDAS NUPCIAS
942 ## - TIPO DE MATERIAL (KOHA)
Tipo de Item KOHA Libros General
Existencias
Estado de Material Estado de Perdido Estado de Dañado No para Préstamo Colección Tomo Biblioteca de Origen Biblioteca Permanente Fecha de Adquisición Total de Préstamos Signatura Topográfica Código de Barras Última vez visto Ejemplar/Existencia Fecha de Remplazo Tipo de Material
        Colección General   Biblioteca FUSBC Biblioteca FUSBC 13/10/2004   G 176 M4235v 790 12/12/2019 1 26/01/2016 Libros General

Biblioteca FUSBC | Teléfono: (57+4) 349 88 10 Ext. 141| WhatsApp (+57) 3005338115 
E-mail: biblioteca@unisbc.edu.co | Calle 76 87-14 Robledo Palenque, Medellín, Colombia

Con tecnología Koha